000 00734nam a2200181 i 4500
001 61101
003 ES-MaACL
005 20230906164354.0
007 t|
008 031110s1975 mx ||||1| spa d
111 2 _aCongreso Mexicano-Centroamericano de Historia (
_n1º.
_d1969.
_cMéxico)
_9164627
245 1 0 _aEstudios virreynales
_b: (Memoria del Primer Congreso Mexicano-Centroamericano de Historia, volúmen III) /
_cprólogo, notas y dirección editorial Luis Rublúo.
260 _aMéxico :
_bSociedad Mexicana de Geografía y Estadística,
_c1975.
300 _aXXXVI, 347 p. :
_bil. ;
_c24 cm.
651 4 _aAmérica española-
_xHistoria.
_97723
700 1 _aRubluo, Luis.
_9100462
852 _aES-MaACL
_jE-8559
_bR.92963
999 _c61101
_d61101